000 00893nam a2200205 i 4500
001 160988
003 ES-MaACL
005 20230906212153.0
008 990526s1879 sp |||| | spa d
040 _aCCPB | B
_bspa
_cCCPB | B
100 1 _aOlmedilla y Puig, Joaquín,
_d1842-1914
_986949
245 1 0 _aEstudio químico de las generalidades de alcaloides /
_cpor Joaquín Olmedilla y Puig.
260 _aMadrid :
_b[s.n.],
_c1879 (
_fEstablecimiento Tipográfico del Hospicio)
300 _a[8], 98, [2] p. ;
_c24 cm.
530 _aDisponible también en sitio web.
650 4 _aAlcaloides.
_9135546
852 _aES-MaACL
_jT-668-F-4
_z-- Enc. hol.
_q-- Falto de la cub. original
_z-- Enc. en un vol. facticio
856 _uhttp://bibliotecadigitalhispanica.bne.es:80/webclient/DeliveryManager?pid=1681813&custom_att_2=simple_viewer
_zIr a la página
999 _c160988
_d160988